Book of Abstracts of the 33rd Workshop Cycles and Colourings 2025 : Nový Smokovec, August 31 - September 5, 2025/

Salvato in:
Dettagli Bibliografici
Ente Autore: Workshop Cycles and Colourings Nový Smokovec, Slovenská republika
Altri autori: Fabrici, Igor (Compilatore)
Natura: Atti del Convegno Libro
Lingua:inglese
Pubblicazione: Košice : Univerzita P. J. Šafárika v Košiciach, 2025
Edizione:1. vyd.
Tags: Aggiungi Tag
Nessun Tag, puoi essere il primo ad aggiungerne!!

MARC

LEADER 00000nam a22000003a 4500
001 0116993
003 SK-STU
005 20250908134033.3
007 ta
008 150914s ----xo-----e------100-0-----d
035 |a biblio/1430198  |2 CREPC2 
040 |a STU  |b slo 
041 0 |a eng 
044 |a xo 
111 2 |a Workshop Cycles and Colourings  |n 33rd  |d 31. 8. - 5. 9. 2025  |c Nový Smokovec, Slovenská republika 
245 1 0 |a Book of Abstracts of the 33rd Workshop Cycles and Colourings 2025 :  |b Nový Smokovec, August 31 - September 5, 2025/  |c zost. Igor Fabrici 
250 |a 1. vyd. 
260 |a Košice :  |b Univerzita P. J. Šafárika v Košiciach,  |c 2025 
300 |a 34 s. 
700 1 |a Fabrici, Igor  |4 com 
996 |c V* 2673/sc-25  |l VV11  |s P  |a 0  |w 0116993_0001